Atlas da história do mundo (Registo nº 1342)

Detalhes MARC
000 -Etiqueta do registo
Cabeçalho 00870cam a2200289 4500
005 - Identificador da versão
Campo de controlo 20240813121833.0
010 ## - Número internacional normalizado dos livros (ISBN)
Número (ISBN) 9722617141
035 ## - Other System Control Numbers
System Control Number (bn)1050448
System Control Number 1050448
100 ## - Dados gerais de processamento
Dados gerais de processamento 20010312d2000 em y0pory5003 ba
102 ## - Pais de publicação ou produção
País de publicação Portugal
101 1# - Língua de publicação
Língua do texto, banda sonora, etc. Português
Língua do documento no original Inglês
106 ## - Campo de dados codificados: material textual
Dados codificados do material textual r
105 ## - Campo de dados codificados: livros
Dados codificados dos livros ab z 001yy
215 ## - Descrição física 
Indicação específica da natureza do documento e extensão da espécie 352 p.
Outras indicações físicas il.
Dimensões 38 cm
200 1# - Titulo e menção de responsabilidade
Título próprio Atlas da história do mundo
Primeira menção de responsabilidade ed. Jeremy Black
Outras menções de responsabilidade trad. Anabela Carvalho Ferreira, Paula Rocha Gonçalves
210 ## - Publicação, Distribuição, etc. 
Lugar da edição, distribuição, etc. Porto
Nome do editor, distribuidor, etc. Livraria Civilização
Data da publicação, distribuição, etc. 2000
304 ## - Notas relativas a título e menção de responsabilidade 
Texto da nota Tít orig.: Atlas of World History
606 ## - Nome comum usado como assunto
Número de registo de entrada de autoridade 0001899
Palavra de ordem História universal
Subdivisão de assunto <[>Atlas]
Código do sistema SIPOR
675 ## - Classificação Decimal Universal (CDU)
Notação 94(100)(084.4)
Edição BN
Língua da edição por
702 #1 - Nome de autor-pessoa física (responsabilidade secundária)
Número de registo de entrada de autoridade 0001901
Palavra de ordem Gonçalves
Outra parte do nome não tomada para palavra de ordem Paula
Código de função Tradutor
Número de registo de entrada de autoridade 0001902
Palavra de ordem Ferreira
Outra parte do nome não tomada para palavra de ordem Anabela
Código de função Tradutor
Número de registo de entrada de autoridade 0001903
Palavra de ordem Black
Outra parte do nome não tomada para palavra de ordem Jeremy
Código de função Editor literário / Coordenador
942 ## - Elementos de entrada adicionados (Koha)
Tipo de item no Koha Livro
Exemplares
Situação do levantamento Origin of item (home branch) (coded) Biblioteca de empréstimo Código de barras Cota Circulation type (not for loan) Tipo de documento Nota do exemplar Damaged status
  Biblioteca Escolar Eng. Nuno Mergulhão Biblioteca Escolar Eng. Nuno Mergulhão BENM3067 | 2011 911 ATL   Livro Sem mensagem